[Event "Koege Weekend Jubilaeum 2022"]
[Site "Koge"]
[Date "2022.04.29"]
[Round "1"]
[White "Schmidt, Kristen"]
[Black "Jarlskov, Daniel Tuk Hartso"]
[Result "1-0"]
[WhiteElo "2310"]
[BlackElo "1995"]
[PlyCount "53"]
[EventDate "2022.04.29"]
[EventType "swiss"]
[EventRounds "5"]
[EventCountry "DEN"]

1. e4 c6 2. d4 d5 3. e5 c5 4. dxc5 Nc6 5. Nf3 Bg4 6. Bb5 e6 7. c3 Bxc5 8. Bxc6+
bxc6 9. Qa4 Qb6 10. Qxg4 Ne7 11. O-O h5 12. Qg5 Nf5 13. Qd2 f6 14. Qe2 Kf7 15.
Nbd2 Rag8 16. Re1 Re8 17. b4 Be7 18. Nb3 c5 19. Nxc5 Bxc5 20. bxc5 Qxc5 21. Bd2
h4 22. h3 Rhg8 23. Rab1 Qc7 24. Nd4 g5 25. Nxf5 exf5 26. Qh5+ Rg6 27. Qh7+ 1-0

[Event "Koege Weekend Jubilaeum 2022"]
[Site "Koge"]
[Date "2022.04.29"]
[Round "1"]
[White "Nielsen Refs, Karl Emil Elmer"]
[Black "Thuesen, Mogens Henrik"]
[Result "1-0"]
[WhiteElo "1955"]
[BlackElo "2224"]
[PlyCount "49"]
[EventDate "2022.04.29"]
[EventType "swiss"]
[EventRounds "5"]
[EventCountry "DEN"]

1. d4 d5 2. c4 e6 3. Nc3 c6 4. cxd5 exd5 5. Qc2 Bd6 6. Nf3 Ne7 7. Bg5 f6 8. Bd2
Bf5 9. e4 Bg6 10. Bd3 Nd7 11. O-O O-O 12. Rfe1 dxe4 13. Nxe4 Nb6 14. Nh4 Bc7
15. Bb4 Nbd5 16. Nxg6 hxg6 17. Bc4 Rf7 18. Bxe7 Rxe7 19. Bxd5+ cxd5 20. Nc5 Kf7
21. Rxe7+ Qxe7 22. Qb3 Qd6 23. g3 Bb6 24. Re1 Bxc5 25. Qxb7+ 1-0

[Event "Koege Weekend Jubilaeum 2022"]
[Site "Koge"]
[Date "2022.04.29"]
[Round "1"]
[White "Nilsson, Anders (1976)"]
[Black "Pihl, William"]
[Result "1/2-1/2"]
[WhiteElo "2237"]
[BlackElo "1878"]
[PlyCount "198"]
[EventDate "2022.04.29"]
[EventType "swiss"]
[EventRounds "5"]
[EventCountry "DEN"]

1. d4 d5 2. Bf4 Nf6 3. e3 Bf5 4. c4 c6 5. Qb3 Qb6 6. c5 Qxb3 7. axb3 Nbd7 8. b4
Nh5 9. b5 Nxf4 10. exf4 cxb5 11. Nc3 a6 12. Bxb5 Rc8 13. Ba4 e6 14. Nf3 f6 15.
Nh4 Bg6 16. f5 Bf7 17. fxe6 Bxe6 18. O-O g5 19. Rfe1 Kf7 20. Rxe6 Kxe6 21. Re1+
Ne5 22. Nf3 g4 23. Nh4 Bxc5 24. dxc5 Rxc5 25. Ne2 Rc4 26. Bb3 Rb4 27. Rd1 Rd8
28. Nd4+ Kf7 29. Nhf5 a5 30. Ra1 b6 31. Kf1 Rd7 32. Ba4 Rc7 33. b3 Nd3 34. Ke2
Nf4+ 35. Kd2 h5 36. Re1 Nxg2 37. Nd6+ Kg6 38. Ne6 Nxe1 39. Nxc7 Nf3+ 40. Kc3
d4+ 41. Kd3 Ne5+ 42. Kd2 d3 43. Ne6 Nf3+ 44. Kd1 b5 45. Bxb5 Rxb3 46. Nf4+ Kg5
47. Nxd3 a4 48. Nc5 Rxb5 49. Nxb5 Nxh2 50. Nxa4 g3 51. fxg3 Nf1 52. Ke2 Nxg3+
53. Kf3 Nf5 54. Nc5 Ne7 55. Nd6 f5 56. Nd7 Nd5 57. Nf7+ Kg6 58. Nfe5+ Kg5 59.
Kg3 h4+ 60. Kf3 f4 61. Nf7+ Kg6 62. Nd6 h3 63. Ne5+ Kf6 64. Ng4+ Ke6 65. Ne4
Ne3 66. Ngf2 h2 67. Kxf4 Nd5+ 68. Kg3 Nf6 69. Nd2 Kf5 70. Kf3 Ng4 71. Nh1 Ne5+
72. Kg3 Ng4 73. Nf3 Ne5 74. Nxh2 Ng6 75. Nf2 Ne5 76. Nf1 Ng4 77. Nxg4 Ke4 78.
Nf2+ Ke5 79. Kf3 Kd5 80. Ke3 Ke5 81. Nd3+ Kd5 82. Nd2 Ke6 83. Ke4 Kd6 84. Nc4+
Ke6 85. Nf4+ Kf6 86. Ne5 Ke7 87. Nd5+ Ke8 88. Kf5 Kf8 89. Kf6 Ke8 90. Ke6 Kf8
91. Nf4 Ke8 92. Nd7 Kd8 93. Nd5 Kc8 94. Kd6 Kd8 95. N7f6 Kc8 96. Nb4 Kd8 97.
Nc6+ Kc8 98. Nd7 Kb7 99. Nd8+ Kc8 1/2-1/2

[Event "Koege Weekend Jubilaeum 2022"]
[Site "Koge"]
[Date "2022.04.29"]
[Round "1"]
[White "Saravana, Vedant Kumar"]
[Black "Liu, Casper Yukun"]
[Result "0-1"]
[WhiteElo "1877"]
[BlackElo "2181"]
[PlyCount "44"]
[EventDate "2022.04.29"]
[EventType "swiss"]
[EventRounds "5"]
[EventCountry "DEN"]

1. e4 c6 2. d4 d5 3. Nc3 dxe4 4. Nxe4 Nf6 5. Nxf6+ exf6 6. c3 Bd6 7. Bd3 O-O 8.
Qc2 Re8+ 9. Ne2 h5 10. O-O h4 11. h3 Nd7 12. Be3 Nf8 13. Qd2 Ne6 14. Nf4 Ng5
15. Rad1 Bb8 16. Nh5 Qd5 17. Bxg5 fxg5 18. Rfe1 Be6 19. Be4 Qd6 20. Qxg5 Qh2+
21. Kf1 Bc4+ 22. Bd3 Qh1# 0-1

[Event "Koege Weekend Jubilaeum 2022"]
[Site "Koge"]
[Date "2022.04.29"]
[Round "1"]
[White "Pedersen, Daniel Vesterbaek"]
[Black "Stuhr, Finn"]
[Result "1-0"]
[WhiteElo "2147"]
[BlackElo "1650"]
[PlyCount "47"]
[EventDate "2022.04.29"]
[EventType "swiss"]
[EventRounds "5"]
[EventCountry "DEN"]

1. e4 e5 2. Nf3 Nc6 3. Nc3 Bc5 4. g3 Nf6 5. Bg2 d6 6. d3 Bg4 7. h3 Bh5 8. Na4
Bb4+ 9. c3 Ba5 10. b4 Bb6 11. Qc2 h6 12. Nh4 Nd7 13. Nf5 Qf6 14. Nxb6 Nxb6 15.
O-O Bg6 16. Ne3 O-O 17. a4 a5 18. bxa5 Ne7 19. f4 exf4 20. gxf4 Bh5 21. Bb2 Ng6
22. c4 Qd8 23. Nf5 f6 24. Ng3 1-0

[Event "Koege Weekend Jubilaeum 2022"]
[Site "Koge"]
[Date "2022.04.29"]
[Round "1"]
[White "Videbaek, Vincent"]
[Black "Andersen, Soren Mikkel"]
[Result "0-1"]
[WhiteElo "1686"]
[BlackElo "2149"]
[PlyCount "84"]
[EventDate "2022.04.29"]
[EventType "swiss"]
[EventRounds "5"]
[EventCountry "DEN"]

1. e4 c5 2. c3 Nf6 3. e5 Nd5 4. d4 cxd4 5. Nf3 d6 6. cxd4 Nc6 7. Bc4 Nb6 8. Bb5
dxe5 9. Nxe5 Bd7 10. Nxd7 Qxd7 11. O-O e6 12. Nc3 Be7 13. Qg4 O-O 14. Bh6 Qxd4
15. Qg3 Bh4 16. Be3 Bxg3 17. Bxd4 Bxh2+ 18. Kxh2 Nxd4 19. Bd3 Rfd8 20. Rfd1 f5
21. a4 Nb3 22. Ra3 Nc5 23. Bc2 Rxd1 24. Bxd1 Rd8 25. b4 Nc4 26. Ra2 Nd3 27. Bb3
Rc8 28. b5 Kf7 29. Ne2 Na5 30. Rd2 Nxb3 31. Rxd3 Nc5 32. Rc3 e5 33. f4 exf4 34.
Nd4 g6 35. Nb3 b6 36. Nxc5 bxc5 37. a5 Ke6 38. g3 Kd5 39. Rc2 c4 40. b6 axb6
41. axb6 Rb8 42. Re2 Rxb6 0-1

[Event "Koege Weekend Jubilaeum 2022"]
[Site "Koge"]
[Date "2022.04.29"]
[Round "1"]
[White "Meskenas, Paulius"]
[Black "Hansen, Claus Ago"]
[Result "1-0"]
[WhiteElo "2110"]
[BlackElo "1744"]
[PlyCount "107"]
[EventDate "2022.04.29"]
[EventType "swiss"]
[EventRounds "5"]
[EventCountry "DEN"]

1. e4 d6 2. d4 Nf6 3. Bd3 g6 4. Nf3 Bg7 5. c3 Nc6 6. O-O O-O 7. Nbd2 Bg4 8. h3
Bxf3 9. Nxf3 e5 10. Bg5 h6 11. Bd2 exd4 12. cxd4 Re8 13. Qc2 Nd7 14. Bc3 Rb8
15. b4 Qe7 16. Rae1 Qf8 17. Qb2 Re7 18. b5 Nd8 19. Nd2 c5 20. Nc4 cxd4 21. Bxd4
Nc5 22. Bc2 Nde6 23. Bxg7 Qxg7 24. Qxg7+ Kxg7 25. Nxd6 Rd8 26. e5 Nd4 27. Bb1
b6 28. f4 f5 29. g4 Rxd6 30. gxf5 gxf5 31. exd6 Rxe1 32. Rxe1 Nf3+ 33. Kf2 Nxe1
34. d7 Nxd7 35. Bxf5 Kf6 36. Bxd7 Nd3+ 37. Ke3 Nc5 38. Bc8 Ke7 39. Kd4 Kd6 40.
Bf5 Na4 41. Bd3 Nc5 42. Bc4 Nd7 43. Ke4 Kc5 44. Be2 Nf6+ 45. Ke5 Nd7+ 46. Ke6
Nf8+ 47. Kf7 Nd7 48. Ke7 Nb8 49. f5 a5 50. bxa6 Nc6+ 51. Kd7 b5 52. f6 Kb6 53.
Bxb5 Nb8+ 54. Ke6 1-0

[Event "Koege Weekend Jubilaeum 2022"]
[Site "Koge"]
[Date "2022.04.29"]
[Round "1"]
[White "Kuhnrich, Soren"]
[Black "Eriksson, Christian Altenburg"]
[Result "0-1"]
[WhiteElo "1753"]
[BlackElo "2072"]
[PlyCount "70"]
[EventDate "2022.04.29"]
[EventType "swiss"]
[EventRounds "5"]
[EventCountry "DEN"]

1. d4 d5 2. c4 dxc4 3. Nc3 a6 4. a4 Nc6 5. d5 Na5 6. e4 e6 7. Nf3 Bb4 8. Qd4
Nb3 9. Qxg7 Qf6 10. Qxf6 Nxf6 11. Rb1 exd5 12. Bd2 Nxd2 13. Nxd2 d4 14. Nd5
Nxd5 15. exd5 Bf5 16. Rc1 c3 17. bxc3 dxc3 18. Nc4 c2+ 19. Ke2 O-O-O 20. Ne3
Rhe8 21. Kf3 Be4+ 22. Kg3 Bd2 23. Bc4 Bxc1 24. Rxc1 Rd6 25. f3 Bg6 26. Nxc2
Bxc2 27. Rxc2 Re3 28. Ra2 Rc3 29. Be2 Rxd5 30. h4 Ra5 31. Bd1 b5 32. Kf2 c5 33.
Ke2 Kc7 34. Kd2 Rc4 35. Bb3 Rxh4 0-1

[Event "Koege Weekend Jubilaeum 2022"]
[Site "Koge"]
[Date "2022.04.30"]
[Round "2"]
[White "Okhotnik, Vladimir"]
[Black "Meskenas, Paulius"]
[Result "1/2-1/2"]
[WhiteElo "2333"]
[BlackElo "2110"]
[PlyCount "96"]
[EventDate "2022.04.29"]
[EventType "swiss"]
[EventRounds "5"]
[EventCountry "DEN"]

1. d4 Nf6 2. Nf3 g6 3. Nc3 d5 4. Bf4 Bg7 5. Nb5 Na6 6. h3 O-O 7. e3 c6 8. Nc3
Qb6 9. a3 c5 10. Rb1 cxd4 11. exd4 Bf5 12. Be2 Rac8 13. O-O Rfd8 14. Bd3 Be4
15. Be5 Nb8 16. Bxf6 Bxf6 17. Nxe4 dxe4 18. Bxe4 Bxd4 19. Nxd4 Rxd4 20. Qe2
Rcd8 21. Rfd1 Rxd1+ 22. Rxd1 Rxd1+ 23. Qxd1 Nc6 24. b4 Qd4 25. Qxd4 Nxd4 26.
Kf1 b6 27. Bd3 e5 28. c3 Ne6 29. Ke1 Kf8 30. Kd2 Ke7 31. g3 f5 32. Ke3 h6 33.
Ba6 Kd6 34. h4 Nc7 35. Bf1 Ne6 36. Bh3 Kd5 37. h5 f4+ 38. gxf4 exf4+ 39. Kd3 g5
40. c4+ Ke5 41. a4 Nd4 42. Bd7 Kd6 43. Bc8 Nc6 44. Kc3 a5 45. b5 Ne7 46. Bg4
Kc5 47. Be6 Kd6 48. Bg4 Kc5 1/2-1/2

[Event "Koege Weekend Jubilaeum 2022"]
[Site "Koge"]
[Date "2022.04.30"]
[Round "2"]
[White "Andersen, Soren Mikkel"]
[Black "Schmidt, Kristen"]
[Result "1-0"]
[WhiteElo "2149"]
[BlackElo "2310"]
[PlyCount "57"]
[EventDate "2022.04.29"]
[EventType "swiss"]
[EventRounds "5"]
[EventCountry "DEN"]

1. d4 Nf6 2. c4 g6 3. Nc3 Bg7 4. e4 d6 5. Nf3 O-O 6. Be2 e5 7. d5 a5 8. Bg5 h6
9. Be3 Na6 10. Nd2 Nd7 11. g4 Ndc5 12. h4 f5 13. h5 fxg4 14. hxg6 Qf6 15. Nf1
Qxg6 16. Ng3 Rf4 17. Qd2 Bd7 18. O-O-O Raf8 19. Nh5 Bh8 20. Nxf4 exf4 21. Bxf4
Nxe4 22. Nxe4 Qxe4 23. Bxh6 Rxf2 24. Qg5+ Kf7 25. Bd3 Bxb2+ 26. Kb1 Bf5 27.
Qxf5+ Qxf5 28. Bxf5 Bc3 29. Bc2 1-0

[Event "Koege Weekend Jubilaeum 2022"]
[Site "Koge"]
[Date "2022.04.30"]
[Round "2"]
[White "Liu, Casper Yukun"]
[Black "Falkesgaard, Jeppe Hald"]
[Result "1-0"]
[WhiteElo "2181"]
[BlackElo "2000"]
[PlyCount "101"]
[EventDate "2022.04.29"]
[EventType "swiss"]
[EventRounds "5"]
[EventCountry "DEN"]

1. d4 Nf6 2. Bg5 c5 3. Nc3 cxd4 4. Qxd4 Nc6 5. Qh4 e6 6. e4 Be7 7. O-O-O a6 8.
f4 b5 9. e5 b4 10. exf6 gxf6 11. Ne4 fxg5 12. fxg5 Qa5 13. Kb1 Bb7 14. Nf3 b3
15. cxb3 Nb4 16. a3 Qf5 17. Nfd2 d5 18. axb4 dxe4 19. Nc4 Bd5 20. Be2 O-O 21.
Ne3 Qe5 22. Nxd5 exd5 23. Qg3 Qxg3 24. hxg3 Rfd8 25. Rh5 Kg7 26. g6 hxg6 27.
Rhxd5 Rxd5 28. Rxd5 f5 29. g4 Kf6 30. b5 axb5 31. Rxb5 Rd8 32. gxf5 Rd2 33. Bg4
e3 34. Rb6+ Bd6 35. fxg6 Kxg6 36. Rc6 Kg5 37. Bf3 Kf4 38. Rc2 Rf2 39. Rc4+ Kg3
40. Rg4+ Kh2 41. Re4 Bc5 42. b4 Bb6 43. Ka2 Rd2 44. Ka3 Kg3 45. Re6 Bd4 46. b3
Kf2 47. b5 e2 48. Rxe2+ Rxe2 49. Bxe2 Kxe2 50. Kb4 Kf2 51. Kc4 1-0

[Event "Koege Weekend Jubilaeum 2022"]
[Site "Koge"]
[Date "2022.04.30"]
[Round "2"]
[White "Eriksson, Christian Altenburg"]
[Black "Pedersen, Daniel Vesterbaek"]
[Result "0-1"]
[WhiteElo "2072"]
[BlackElo "2147"]
[PlyCount "86"]
[EventDate "2022.04.29"]
[EventType "swiss"]
[EventRounds "5"]
[EventCountry "DEN"]

1. e4 e5 2. Nf3 d6 3. d4 exd4 4. Nxd4 Nf6 5. Nc3 Be7 6. g3 O-O 7. Bg2 Nc6 8.
O-O Nxd4 9. Qxd4 Be6 10. h3 c5 11. Qd3 Qd7 12. Kh2 b5 13. Rd1 Rab8 14. Bf4 b4
15. Ne2 Rfd8 16. b3 Rb6 17. c4 bxc3 18. Nxc3 Rb4 19. Rac1 c4 20. bxc4 Rxc4 21.
Nd5 Nxd5 22. exd5 Rxc1 23. Rxc1 Bf5 24. Qa6 h5 25. Be3 Kf8 26. Qa5 h4 27. Rc7
hxg3+ 28. fxg3 Qe8 29. Qxa7 Bf6 30. Bf4 g5 31. Bc1 Bg6 32. Qf2 Qe5 33. Rb7 Qf5
34. Qxf5 Bxf5 35. Bb2 Bxb2 36. Rxb2 Ra8 37. g4 Bd3 38. h4 gxh4 39. Kh3 f5 40.
Kxh4 Ra4 41. Kg5 Rxg4+ 42. Kf6 Ke8 43. Ke6 Rg6# 0-1

[Event "Koege Weekend Jubilaeum 2022"]
[Site "Koge"]
[Date "2022.04.30"]
[Round "2"]
[White "Pihl, William"]
[Black "Nielsen Refs, Karl Emil Elmer"]
[Result "1-0"]
[WhiteElo "1878"]
[BlackElo "1955"]
[PlyCount "104"]
[EventDate "2022.04.29"]
[EventType "swiss"]
[EventRounds "5"]
[EventCountry "DEN"]

1. Nf3 c5 2. b3 d5 3. Bb2 Nc6 4. e3 Bg4 5. Be2 Nf6 6. d4 cxd4 7. exd4 e6 8. O-O
Bd6 9. Nbd2 O-O 10. c4 Re8 11. h3 Bf5 12. Ne5 Bxe5 13. dxe5 Nd7 14. Nf3 dxc4
15. Bxc4 Qe7 16. Qe2 Red8 17. Rfd1 a6 18. Rac1 Nb6 19. Rxd8+ Rxd8 20. Bxa6 bxa6
21. Rxc6 Bd3 22. Qe3 Na8 23. Nd4 Bb5 24. Nxb5 axb5 25. Qc5 Qb7 26. Rd6 Rc8 27.
Qd4 h6 28. Rd7 Qa6 29. Rd8+ Rxd8 30. Qxd8+ Kh7 31. Qd3+ Kg8 32. a4 Qb7 33. Qxb5
Qe4 34. Qc5 Qb1+ 35. Qc1 Qd3 36. Qc8+ Kh7 37. Qxa8 Qb1+ 38. Kh2 Qxb2 39. Qe4+
Kg8 40. Qe3 Qa2 41. Qb6 Qb2 42. a5 Qxe5+ 43. g3 f5 44. a6 f4 45. Qd8+ Kf7 46.
Qd3 Qc5 47. Qf3 g5 48. g4 e5 49. Kg2 Qd4 50. Qb7+ Kg6 51. a7 e4 52. Qc6+ Kg7
1-0

[Event "Koege Weekend Jubilaeum 2022"]
[Site "Koge"]
[Date "2022.04.30"]
[Round "2"]
[White "Thuesen, Mogens Henrik"]
[Black "Nilsson, Anders (1976)"]
[Result "1/2-1/2"]
[WhiteElo "2224"]
[BlackElo "2237"]
[PlyCount "66"]
[EventDate "2022.04.29"]
[EventType "swiss"]
[EventRounds "5"]
[EventCountry "DEN"]

1. e4 d6 2. d4 Nf6 3. Nc3 c6 4. f4 Qa5 5. e5 Ne4 6. Qf3 d5 7. Bd3 f5 8. exf6
exf6 9. Bxe4 dxe4 10. Qxe4+ Be7 11. Qe2 Qd8 12. Be3 Be6 13. d5 Bxd5 14. O-O-O
Qa5 15. Nxd5 cxd5 16. Qh5+ g6 17. Qxd5 Qxd5 18. Rxd5 Nc6 19. Nf3 Nb4 20. Rb5
O-O-O 21. c3 Nd5 22. Bc5 Bxc5 23. Rxc5+ Kb8 24. g3 Rhe8 25. Nd4 Ne3 26. h3 Rd7
27. g4 Nd5 28. Rd1 Red8 29. Ne6 Ne3 30. Rxd7 Rxd7 31. Nd4 Ng2 32. f5 Nf4 33.
Kc2 Nxh3 1/2-1/2

[Event "Koege Weekend Jubilaeum 2022"]
[Site "Koge"]
[Date "2022.04.30"]
[Round "2"]
[White "Hansen, Claus Ago"]
[Black "Iskos, Lukas"]
[Result "0-1"]
[WhiteElo "1744"]
[BlackElo "2052"]
[PlyCount "72"]
[EventDate "2022.04.29"]
[EventType "swiss"]
[EventRounds "5"]
[EventCountry "DEN"]

1. f4 d5 2. Nf3 Nf6 3. g3 c5 4. Bg2 Nc6 5. d3 e6 6. O-O Be7 7. c3 O-O 8. Na3
Rb8 9. Qe1 b5 10. e4 c4 11. e5 Nd7 12. d4 Bxa3 13. bxa3 Nb6 14. Rb1 Na4 15. g4
a5 16. Bd2 Qe7 17. Qg3 Qxa3 18. Ng5 b4 19. Nxh7 Kxh7 20. f5 Rh8 21. f6 g6 22.
Qf4 Kg8 23. Rf3 Qxa2 24. Rbf1 Nxc3 25. Qh6 Rxh6 26. Bxh6 Ne2+ 27. Kh1 Nf4 28.
Rxf4 Nxd4 29. Rxd4 g5 30. h4 b3 31. hxg5 b2 32. g6 b1=Q 33. gxf7+ Kxf7 34. g5
Rb2 35. Rg4 Qxf1+ 36. Kh2 Rxg2+ 0-1

[Event "Koege Weekend Jubilaeum 2022"]
[Site "Koge"]
[Date "2022.04.30"]
[Round "2"]
[White "Jarlskov, Daniel Tuk Hartso"]
[Black "Videbaek, Vincent"]
[Result "1-0"]
[WhiteElo "1995"]
[BlackElo "1686"]
[PlyCount "89"]
[EventDate "2022.04.29"]
[EventType "swiss"]
[EventRounds "5"]
[EventCountry "DEN"]

1. c4 e6 2. d4 d5 3. Nc3 Nf6 4. Bf4 Bd6 5. Bg3 O-O 6. Nf3 b6 7. cxd5 exd5 8. e3
Ba6 9. Bxa6 Nxa6 10. Qa4 Nb4 11. O-O Bxg3 12. hxg3 a5 13. a3 Na6 14. b4 c5 15.
b5 cxd4 16. exd4 Nc7 17. Ne5 Rc8 18. Rfe1 Re8 19. Re2 Qd6 20. Rae1 Nd7 21. Nc6
Rxe2 22. Rxe2 Re8 23. Qd1 Rxe2 24. Qxe2 Qe6 25. Kf1 Qh6 26. f3 Qc1+ 27. Qe1
Qxa3 28. Ne7+ Kf8 29. Nexd5 Nxd5 30. Nxd5 Qd3+ 31. Qe2 Qxe2+ 32. Kxe2 f6 33.
Kd3 Kf7 34. Kc4 Ke6 35. Nc7+ Ke7 36. Kd5 g6 37. Kc6 a4 38. Nd5+ Kd8 39. Nc3 a3
40. f4 f5 41. d5 Nf6 42. Na2 Nd7 43. d6 h6 44. Kb7 g5 45. Nc1 1-0

[Event "Koege Weekend Jubilaeum 2022"]
[Site "Koge"]
[Date "2022.04.30"]
[Round "2"]
[White "Stuhr, Finn"]
[Black "Saravana, Vedant Kumar"]
[Result "0-1"]
[WhiteElo "1650"]
[BlackElo "1877"]
[PlyCount "76"]
[EventDate "2022.04.29"]
[EventType "swiss"]
[EventRounds "5"]
[EventCountry "DEN"]

1. e4 e5 2. Nf3 Nc6 3. Bb5 a6 4. Ba4 Nf6 5. O-O Be7 6. Re1 d6 7. c3 b5 8. Bb3
Na5 9. Bc2 O-O 10. d4 exd4 11. cxd4 Bg4 12. Qd3 Nc6 13. Bg5 Nb4 14. Qc3 Nxc2
15. Qxc2 Bxf3 16. gxf3 Nh5 17. Be3 Kh8 18. Kh1 f5 19. exf5 Qd7 20. Qe2 Rxf5 21.
Nd2 d5 22. f4 Bd6 23. Qg4 Qf7 24. Nf3 Bxf4 25. Qg2 Rf8 26. Ne5 Bxe5 27. dxe5
Rxe5 28. Bc5 Rxe1+ 29. Rxe1 Re8 30. Rg1 Qg6 31. Qh3 Qxg1+ 32. Kxg1 Re1+ 33. Qf1
Rxf1+ 34. Kxf1 Nf4 35. f3 Kg8 36. Bd4 Kf7 37. Kf2 c5 38. Bc3 d4 0-1

[Event "Koege Weekend Jubilaeum 2022"]
[Site "Koge"]
[Date "2022.04.30"]
[Round "2"]
[White "Mollasoltani, Aryan"]
[Black "Kuhnrich, Soren"]
[Result "1-0"]
[WhiteElo "1942"]
[BlackElo "1753"]
[PlyCount "45"]
[EventDate "2022.04.29"]
[EventType "swiss"]
[EventRounds "5"]
[EventCountry "DEN"]

1. e4 c5 2. Nf3 e6 3. d4 cxd4 4. Nxd4 Nf6 5. Nc3 Nc6 6. a3 Qc7 7. Be3 a6 8. Qf3
Be7 9. Be2 b5 10. e5 Nxd4 11. Bxd4 Nd5 12. Nxd5 exd5 13. O-O Bb7 14. Bd3 g6 15.
Qe3 Rg8 16. Rad1 Bf8 17. f4 Rc8 18. b4 Qc6 19. f5 g5 20. e6 dxe6 21. fxe6 fxe6
22. Rf6 Kd7 23. Rxe6 1-0

[Event "Koege Weekend Jubilaeum 2022"]
[Site "Koge"]
[Date "2022.04.30"]
[Round "3"]
[White "Andersen, Soren Mikkel"]
[Black "Liu, Casper Yukun"]
[Result "1/2-1/2"]
[WhiteElo "2149"]
[BlackElo "2181"]
[PlyCount "103"]
[EventDate "2022.04.29"]
[EventType "swiss"]
[EventRounds "5"]
[EventCountry "DEN"]

1. d4 d5 2. c4 dxc4 3. e4 b5 4. a4 c6 5. axb5 cxb5 6. Nc3 a6 7. Nxb5 axb5 8.
Rxa8 Bb7 9. Ra1 e6 10. Nf3 Nf6 11. Be2 Nxe4 12. O-O Bd6 13. b3 Nc3 14. Qc2
Nxe2+ 15. Qxe2 O-O 16. bxc4 bxc4 17. Ba3 Bxf3 18. Qxf3 Bxa3 19. Rxa3 Qxd4 20.
Qc3 Nc6 21. Rc1 Rb8 22. g3 g6 23. Qxc4 Qxc4 24. Rxc4 Ne7 25. h4 h5 26. Ra7 Nd5
27. Rc6 Re8 28. Rb7 Re7 29. Rb8+ Kg7 30. Kg2 Rc7 31. Rxc7 Nxc7 32. Kf3 Nd5 33.
Rb7 Kf6 34. Ke4 Ne7 35. Rb3 Nf5 36. Rf3 Ke7 37. Ke5 Nh6 38. Kf4 Kf6 39. Ra3 Nf5
40. Ra6 Ne7 41. f3 Nf5 42. Rb6 Kg7 43. Rb1 e5+ 44. Kxe5 Nxg3 45. Rb4 Nf5 46.
Rf4 Ne3 47. Ra4 Nf5 48. Rb4 Ne7 49. Rf4 g5 50. Rc4 Ng6+ 51. Kf5 Nxh4+ 52. Kxg5
1/2-1/2

[Event "Koege Weekend Jubilaeum 2022"]
[Site "Koge"]
[Date "2022.04.30"]
[Round "3"]
[White "Meskenas, Paulius"]
[Black "Pihl, William"]
[Result "1-0"]
[WhiteElo "2110"]
[BlackElo "1878"]
[PlyCount "47"]
[EventDate "2022.04.29"]
[EventType "swiss"]
[EventRounds "5"]
[EventCountry "DEN"]

1. e4 e5 2. Nf3 Nc6 3. d4 exd4 4. Nxd4 Nf6 5. Nxc6 bxc6 6. e5 Nd5 7. c4 Nb6 8.
Nc3 Be7 9. Qg4 g6 10. Qd4 O-O 11. Be3 Rb8 12. O-O-O Re8 13. h4 Bf8 14. Bg5 Be7
15. Ne4 c5 16. Qd2 Bxg5 17. hxg5 Kg7 18. Qf4 Qe7 19. Rxh7+ Kxh7 20. Qh4+ Kg7
21. Qh6+ Kg8 22. Nf6+ Qxf6 23. gxf6 Ba6 24. Qg7# 1-0

[Event "Koege Weekend Jubilaeum 2022"]
[Site "Koge"]
[Date "2022.04.30"]
[Round "3"]
[White "Schmidt, Kristen"]
[Black "Okhotnik, Vladimir"]
[Result "0-1"]
[WhiteElo "2310"]
[BlackElo "2333"]
[PlyCount "114"]
[EventDate "2022.04.29"]
[EventType "swiss"]
[EventRounds "5"]
[EventCountry "DEN"]

1. e4 d6 2. d4 Nf6 3. Nc3 Nbd7 4. f4 e5 5. dxe5 dxe5 6. fxe5 Nxe5 7. Qxd8+ Kxd8
8. Nf3 Nfd7 9. Bf4 Bd6 10. Bg3 c6 11. O-O-O Ke7 12. Be2 f6 13. Rd2 Bb4 14. Rhd1
Nf7 15. Bc4 Nde5 16. Bb3 Re8 17. Rf1 Kf8 18. a3 Ba5 19. Nd4 Ng5 20. Re2 Bg4 21.
Ree1 Rad8 22. h4 Ngf7 23. Nf5 Nd6 24. Rf4 h5 25. Bf2 b6 26. Nxd6 Rxd6 27. Bg3
Rd7 28. Ba2 b5 29. Rf2 Bb6 30. Rd2 Rxd2 31. Kxd2 Rd8+ 32. Kc1 Bd4 33. Rf1 a5
34. Bb3 a4 35. Ba2 Ke7 36. Bf2 Bxf2 37. Rxf2 Be6 38. Bxe6 Kxe6 39. Ne2 Ng4 40.
Rf3 Ke5 41. Ng3 g6 42. b3 axb3 43. cxb3 Ra8 44. Kb2 Kd4 45. Rc3 Ne5 46. Ne2+
Kxe4 47. Nc1 g5 48. hxg5 fxg5 49. Ne2 h4 50. Rh3 Nd3+ 51. Kc3 Nf4 52. Nxf4 Kxf4
53. Kb4 Re8 54. Kc5 Re3 55. a4 Rxh3 56. gxh3 g4 57. a5 g3 0-1

[Event "Koege Weekend Jubilaeum 2022"]
[Site "Koge"]
[Date "2022.04.30"]
[Round "3"]
[White "Nilsson, Anders (1976)"]
[Black "Jarlskov, Daniel Tuk Hartso"]
[Result "1-0"]
[WhiteElo "2237"]
[BlackElo "1995"]
[PlyCount "153"]
[EventDate "2022.04.29"]
[EventType "swiss"]
[EventRounds "5"]
[EventCountry "DEN"]

1. d4 d5 2. Bf4 Nf6 3. e3 c5 4. c3 Nc6 5. Nd2 cxd4 6. exd4 Bf5 7. Ngf3 e6 8.
Bb5 Bd6 9. Bxd6 Qxd6 10. Bxc6+ bxc6 11. Ne5 O-O 12. Nb3 a5 13. O-O Rfb8 14. Qe2
Rb5 15. Nc5 Rab8 16. b3 Ne4 17. Na4 f6 18. Nd3 Ng5 19. Ndc5 e5 20. Qe3 Ne4 21.
f3 Nxc5 22. Nxc5 Re8 23. Rfe1 Bg6 24. Qf2 Rbb8 25. Qg3 Re7 26. Re2 Rbe8 27.
Rae1 Qd8 28. Qf2 exd4 29. cxd4 Kf7 30. Rxe7+ Rxe7 31. Rxe7+ Qxe7 32. Qd2 Bb1
33. Kf2 Qc7 34. g3 h5 35. Qe1 Bf5 36. a3 Qb6 37. Qe2 g5 38. Qa6 Qb5 39. a4 Qb4
40. Qb7+ Qxb7 41. Nxb7 Ke7 42. Nxa5 Kd6 43. Nb7+ Kc7 44. Nc5 Kb6 45. b4 Bc8 46.
Ke3 g4 47. fxg4 Bxg4 48. Kf4 Bh3 49. Ke3 Bg4 50. Kd2 Bh3 51. Nd3 Bf5 52. Nf4
Bg4 53. h3 Bf3 54. Ne6 Bg2 55. h4 Bh3 56. Nf4 Bg4 57. Kc3 Bd1 58. a5+ Kb5 59.
Ne6 Ka6 60. Nc5+ Kb5 61. Nd7 Ka6 62. Nxf6 Kb5 63. Ne8 Ka6 64. Kd2 Bg4 65. Nd6
Bf3 66. Ke3 Bd1 67. Kf4 Be2 68. Ke5 Bd1 69. Ke6 Bg4+ 70. Ke7 Ka7 71. Nf7 Kb7
72. Ne5 Be2 73. Kd6 Bb5 74. g4 hxg4 75. Nxg4 Be2 76. Ne5 c5 77. bxc5 1-0

[Event "Koege Weekend Jubilaeum 2022"]
[Site "Koge"]
[Date "2022.04.30"]
[Round "3"]
[White "Nielsen Refs, Karl Emil Elmer"]
[Black "Eriksson, Christian Altenburg"]
[Result "0-1"]
[WhiteElo "1955"]
[BlackElo "2072"]
[PlyCount "70"]
[EventDate "2022.04.29"]
[EventType "swiss"]
[EventRounds "5"]
[EventCountry "DEN"]

1. d4 d5 2. c4 dxc4 3. e4 e5 4. Nf3 exd4 5. Nxd4 Bc5 6. Be3 Nc6 7. Nb5 Bxe3 8.
fxe3 Qxd1+ 9. Kxd1 Bg4+ 10. Kc2 O-O-O 11. Bxc4 Ne5 12. Bb3 c6 13. Nd4 Nf6 14.
Nc3 c5 15. Nf5 Nxe4 16. Ne7+ Kd7 17. Ned5 Nxc3 18. bxc3 b5 19. a4 c4 20. Ba2
Bf5+ 21. Kb2 Be4 22. Nf4 g5 23. Nh5 Ke7 24. Bb1 Bg6 25. Ng3 Rd2+ 26. Kc1 Rxg2
27. axb5 Rb8 28. Rxa7+ Kf8 29. Ra5 Bxb1 30. Kxb1 Nc6 31. Ra4 Rxb5+ 32. Ka1 Na5
33. Rb4 Nb3+ 34. Kb1 Ra5 35. Rb8+ Kg7 0-1

[Event "Koege Weekend Jubilaeum 2022"]
[Site "Koge"]
[Date "2022.04.30"]
[Round "3"]
[White "Falkesgaard, Jeppe Hald"]
[Black "Saravana, Vedant Kumar"]
[Result "1-0"]
[WhiteElo "2000"]
[BlackElo "1877"]
[PlyCount "95"]
[EventDate "2022.04.29"]
[EventType "swiss"]
[EventRounds "5"]
[EventCountry "DEN"]

1. d4 d5 2. c4 c6 3. Nc3 Nf6 4. e3 Nbd7 5. Nf3 e6 6. Qc2 Bd6 7. b3 O-O 8. Be2
e5 9. dxe5 Nxe5 10. cxd5 cxd5 11. O-O Be6 12. Bb2 Nxf3+ 13. Bxf3 Qc7 14. h3 Be5
15. Rfd1 Rac8 16. Rac1 Rfd8 17. Qe2 Qd7 18. Na4 Bxb2 19. Qxb2 b6 20. Be2 Ne4
21. Ba6 Rxc1 22. Rxc1 b5 23. Nc3 Nxc3 24. Qxc3 d4 25. Qxd4 Qxd4 26. exd4 Rxd4
27. Bxb5 Rd2 28. a4 g6 29. Bc4 Bxc4 30. Rxc4 a5 31. Rc5 Rb2 32. Rb5 Kg7 33. g4
Kf6 34. Kg2 h6 35. h4 Ke6 36. Kg3 f5 37. Rb6+ Ke5 38. Rb5+ Ke6 39. gxf5+ gxf5
40. f3 h5 41. Kf4 Kf6 42. Rb6+ Kf7 43. Kxf5 Rf2 44. f4 Rf3 45. Rb7+ Kf8 46. Kg5
Kg8 47. f5 Rf2 48. Kg6 1-0